000
00297nam a2200121Ia 4500
008
190216s9999||||xx |||||||||||||| ||und||
100
_a
Duraipandian P Laxmi Darupandian And Muthamizha
245
0
_a
Mechanics
260
_b
S Chand & Co
_c
1983
300
_a
388p
650
_a
Physics
942
_c
BK
999
_c
32870
_d
32870